000 00665nam a2200229Ia 4500
003 OSt
005 20220927110401.0
006 a|||||r|||| 00| 0
007 ta
008 220926b |||||||| |||| 00| 0 eng d
024 _a62762
037 _cReports
040 _aRTL
_cRTL
_beng
041 _2eng
_aeng
082 _a"X61.2.Nt, G1"
245 0 _aReport of Currency Committees
_b" Herschell Committee. 1983, Fowler Committee 1898"
260 _aCalcutta
_bGovernment Press India
_c1931
300 _a475p.
_ccm.
650 _aEconomics-Money-Indian
_9377190
942 _h"X61.2.Nt, G1"
_cCC
999 _c696120
_d696120